[Event "GER-ch Internet g/5'"]
[Site "playchess.com"]
[Date "2004.02.29"]
[Round "16"]
[White "Aronian, Levon"]
[Black "Huebner, Robert"]
[Result "1-0"]
[WhiteElo "2648"]
[BlackElo "2604"]
[PlyCount "63"]
[EventDate "2004.02.29"]
[EventType "tourn (blitz)"]
[EventRounds "22"]
[EventCountry "GER"]
[EventCategory "10"]
[Source "ChessBase"]
[SourceDate "2004.05.04"]

1. d4 e6 2. Nf3 Nf6 3. c4 Bb4+ 4. Bd2 Qe7 5. g3 O-O 6. Bg2 Bxd2+ 7. Qxd2 d5 8.
O-O dxc4 9. Na3 c5 10. dxc5 Qxc5 11. Rac1 Nc6 12. Nxc4 Rd8 13. Qg5 Qxg5 14.
Nxg5 Nd4 15. Rfe1 h6 16. Nf3 Nxf3+ 17. Bxf3 Rb8 18. Na5 Nd5 19. Red1 Bd7 20.
Bxd5 exd5 21. Rxd5 b6 22. Nb3 Be6 23. Rdd1 Rbc8 24. Rxd8+ Rxd8 25. Rc2 Rd1+ 26.
Kg2 g5 27. f3 a5 28. Nc1 Kg7 29. a3 Bd5 30. Nd3 Bb7 31. Rc1 Rd2 32. Kf2 1-0